000
00290nam a22001337a 4500
008
170411b xxu||||| |||| 00| 0 eng d
020
_a
1579546463
041
_a
eng
080
_a
612.39
100
_a
9
101
_a
SHM
245
_a
THE SOUTH BEACH DIET
_c
AGATSTON, A
942
_2
udc
_c
BK
999
_c
10315
_d
10315